Imagine Dragons Songs - Sudden Death - Statistics

General Stats
  • This quiz has been taken 253 times
  • The average score is 11 of 22
Answers on the Grid
Answers color-coded by a green-red scale on the quiz's grid according to % correct below.
Bad Blood
Bad Liar
Believer
Birds
Bones
Brother
Centuries
Daylight
Demons
Easy on Me
Enemy
Eyes Closed
Follow You
Gold
Happier
Hello
Hymn for the Weekend
I'm So Sorry
Immortals
In the End
Irresistible
It's Time
Legends Never Die
Mr. Brightside
Natural
Nice to Meet You
Numb
On Top of the World
Pompeii
Radioactive
Renegades
Sharks
Skyfall
Somebody Told Me
Something Just Like This
Take Me to the Beach
The Last of the Real Ones
The Scientist
Thunder
Wake Up
Warriors
Whatever it Takes
Wrecked
Yellow
 
Answer Stats
Answer % Correct
Believer
91%
Demons
81%
Bones
78%
Bad Liar
74%
Radioactive
69%
Enemy
66%
Thunder
65%
Whatever it Takes
61%
Natural
59%
On Top of the World
56%
Warriors
48%
It's Time
47%
Birds
45%
Follow You
42%
Sharks
38%
I'm So Sorry
37%
Gold
35%
Eyes Closed
34%
Wrecked
34%
Take Me to the Beach
30%
Wake Up
29%
Nice to Meet You
24%
No matching quizzes found
Score Distribution
Percent of People with Each Score
Percentile by Number Answered
Your Score History
You have not taken this quiz